Loading...
Six weeks to strategic excellence
| Main Author: | |
|---|---|
| Format: | Printed Book |
| Language: | Undetermined |
| Published: |
London
Hodder & Stoughton
2003
|
| LEADER | 00497nam a2200157Ia 4500 | ||
|---|---|---|---|
| 008 | 140316s9999 xx 000 0 und d | ||
| 020 | |a 0312997752 | ||
| 082 | |a 658 |b BRO/SI | ||
| 100 | |a Browell,Sue | ||
| 245 | |a Six weeks to strategic excellence | ||
| 260 | |a London |b Hodder & Stoughton |c 2003 | ||
| 300 | |a 560 | ||
| 650 | |||
| 942 | |2 ddc |c BK | ||
| 999 | |c 4837 |d 4837 | ||
| 952 | |0 0 |1 0 |2 ddc |4 0 |6 658_000000000000000_BROSI |7 0 |9 5824 |a KAUCLV |b KAUCLV |c GENERAL |d 2014-03-18 |o 658 BRO/SI |p 211094 |r 2014-03-18 |w 2014-03-18 |y BK | ||